Innovación tecnológica y desarrollo regional /

Trabajo de investigación donde se analiza la relación entre el uso, diversificación e innovación tecnológica con el desarrollo económico regional de Castilla y León, España; para ello, los autores revisan asuntos de globalización, el papel de la universidad en el desarrollo tecnológico, el fenómeno...

Descripció completa

Guardat en:
Dades bibliogràfiques
Autor principal: Martínez Bobillo, Alfredo (autor)
Altres autors: Fernández Temprano, Miguel (autor) (autor), Tejerina Gaite, Fernando (autor) (autor)
Format: Llibre
Idioma:espanyol
Publicat: Valladolid, España : Lex Nova, 2003, c2003
Matèries:
Etiquetes: Afegir etiqueta
Sense etiquetes, Sigues el primer a etiquetar aquest registre!

MARC

LEADER 00000nam^a2200000^a^4500
001 000183650
005 20250521000000.0
009 20260310102048.118
020 |a 84-8406-461-1 
037 |a Acervo ITESO - Biblioteca 
041 |a ESP 
082 |a 338. 9270946  |b MAR 
100 |a Martínez Bobillo, Alfredo  |e (autor) 
245 1 0 |a Innovación tecnológica y desarrollo regional /  |c A. Martínez Bobillo, M. Fernández Temprano, F. Tejerina Gaite. 
264 4 |a Valladolid, España :  |b Lex Nova,  |c 2003, c2003 
300 |a 191 p. 
336 |a texto  |b txt  |2 rdacontenido 
337 |a sin mediación  |b n  |2 rdamedio 
338 |a volumen  |b nc  |2 rdasoporte 
520 |a Trabajo de investigación donde se analiza la relación entre el uso, diversificación e innovación tecnológica con el desarrollo económico regional de Castilla y León, España; para ello, los autores revisan asuntos de globalización, el papel de la universidad en el desarrollo tecnológico, el fenómeno de los parques tecnológicos, el sistema de innovación tecnológica en España y la propiedad industrial como indicador de innovación y ventaja competitiva. 
649 |a XX 
650 |a Desarrollo Tecnológico -  |z Castilla y León, España 
650 |a Desarrollo Tecnológico -  |z España 
650 |a Desarrollo Económico-Social -  |z Castilla y León, España 
650 |a Desarrollo Económico-Social -  |z España 
650 |a Desarrollo Regional -  |z Castilla y León, España 
650 |a Desarrollo Regional -  |z España 
650 |a Propiedad Industrial -  |z España 
650 |a Política Científica y Tecnológica -  |z España 
650 |a Educación y Desarrollo -  |z España 
650 |a Competencia (Economía) -  |x Aspectos Tecnológicos 
650 |a Economía -  |z España -  |x Aspectos Tecnológicos 
700 |a Fernández Temprano, Miguel  |e (autor) 
700 |a Tejerina Gaite, Fernando  |e (autor) 
910 |a Fondo General 
920 |a Impresos - Libros 
930 |a Colección General 
905 |a 101 
901 |a 0500123995  |b IT1  |c ACC  |u 20250521 
902 |a https://opac.biblio.iteso.mx/vufind/Record/000183650